000 00806nam a22001937a 4500
008 110909t xxu||||| |||| 00| 0 eng d
020 _a0030690056
050 _aLC6519 .G84
100 _aGulley, Halbert E.
245 _aDiscussion, conference, and group process.
250 _a2d ed.
260 _aNew York, Holt,
_bRinehart and Winston
_c1968
300 _ax, 374 p.
_billus.
_c24 cm.
500 _aThird ed. (c1977) published under title: Communication and group process. Includes bibliographies.
505 _aContents: The Nature of discussion -- Preparing for discussion -- Leadership -- The Study of interaction -- Discussion in larger settings -- Appendix: Cases for discussion.
650 _aInterpersonal communication.
_vSmall groups.
700 _aGulley, Halbert E.
942 _2lcc
_cBK
999 _c89
_d7589